Čergov turistická a cykloturistická mapa : 1:50 000
| Corporate Author: | |
|---|---|
| Other Authors: | , , , |
| Format: | Map |
| Language: | Slovak English German Hungarian Polish |
| PhysicalDescription: | 1 mapa farebná 58 x 76 cm, na liste 59 x 89 cm, zložené na 19 x 13 cm |
| Published: |
Kynceľová
VKÚ Harmanec, s.r.o.
2021
|
| ISBN: | 9788080426958 |
| Edition: | 6. vydanie |
| Series: | Edícia turistických máp 1:50 000
|
| Subjects: |
MARC
| LEADER | 00000nem a2200000 4500 | ||
|---|---|---|---|
| 001 | vtls012126035 | ||
| 003 | SK-MaSNL | ||
| 005 | 20260301104714.0 | ||
| 007 | aj canzn | ||
| 008 | 251104s2021 xo jmb a 0 slo | ||
| 020 | |a 9788080426958 |q (zložené) | ||
| 034 | 1 | |a a |b 50000 | |
| 040 | |a SNK |b slo |c SNK |e rda | ||
| 041 | 0 | |a slo |a eng |a ger |a hun |a pol | |
| 043 | |a e-xo--- | ||
| 044 | |a xo |c SK | ||
| 072 | 7 | |a 913(437) |x Geografia Česka a Slovenska, reálie, cestovanie |2 konspekt | |
| 072 | 7 | |a 912 |x Mapy. Atlasy |2 konspekt | |
| 080 | |a (084.3)796.5 |2 2001 | ||
| 080 | |a 796.51 |2 2011 | ||
| 080 | |a 796.61 |2 2001 | ||
| 080 | |a 913(437.6-191.2) |2 2011 | ||
| 080 | |a (234.372.4) |2 2011 | ||
| 080 | |a (084.3)796.61 |2 2001 | ||
| 110 | 2 | |a VKÚ Harmanec, (Kynceľová, Slovensko) |4 aut |4 pbl |9 443864 | |
| 245 | 1 | 0 | |a Čergov |h kartografický dokument |b turistická a cykloturistická mapa : 1:50 000 |c vydala a spracovala VKÚ Harmanec ; fotografie: Bohuš Schwarzbacher, Milan Perfecký, Peter Dragúň ; fotografia na obálke: Miroslav Sluk |
| 246 | 3 | 1 | |a Čergov |b Wander- und Radwanderkarte |
| 246 | 3 | 1 | |a Čergov |b Tourist and cycle map |
| 246 | 3 | 1 | |a Čergov |b Turista- és kerékpáros térkép |
| 246 | 3 | 1 | |a Čergov |b Mapa turystyczna ze szlakami rowerowymi |
| 250 | |a 6. vydanie | ||
| 255 | |a Mierka 1:50 000 | ||
| 264 | 1 | |a Kynceľová |b VKÚ Harmanec, s.r.o. |c 2021 | |
| 300 | |a 1 mapa |b farebná |c 58 x 76 cm, na liste 59 x 89 cm, zložené na 19 x 13 cm | ||
| 336 | |a kartografický obraz |b cri |2 rdacontent | ||
| 336 | |a text |b txt |2 rdacontent | ||
| 337 | |a bez média |b n |2 rdamedia | ||
| 338 | |a list |b nb |2 rdacarrier | ||
| 366 | |e 5400 kusov | ||
| 490 | 1 | |a Edícia turistických máp 1:50 000 |v 104 | |
| 500 | |a Obsahuje vysvetlivky ; na rube stručný turisticko-vlastivedný popis ; ubytovanie ; služby turistom ; vybrané turistické trasy ; turistické značné trasy ; turistické značenie v teréne ; zásady bezpečného pohybu na horách ; zásady bezpečnej jazdy na bicykli ; piktogramy | ||
| 500 | |a Uložené v plastovom obale | ||
| 546 | |a Súbežný podnázov a vysvetlivky v angličtine, maďarčine, nemčine a poľštine | ||
| 650 | 0 | 7 | |a pešia turistika |2 SNKPH |9 1059 |
| 650 | 0 | 7 | |a cykloturistika |2 SNKPH |9 3264 |
| 650 | 0 | 7 | |a Walking |2 SNKPHeng |9 318423 |
| 650 | 0 | 7 | |a Bicycle touring |2 SNKPHeng |9 332767 |
| 651 | 7 | |a Čergov (Slovensko : pohorie) |2 SNKPHgeo |9 86813 | |
| 651 | 7 | |a Čergov (Slovakia : mountains) |2 SNKPHeng |9 443865 | |
| 655 | 7 | |a turistické mapy |2 SNKPH |9 70551 | |
| 655 | 7 | |a cykloturistické mapy |2 SNKPH |9 70791 | |
| 655 | 7 | |a skladané mapy |2 SNKPH |9 304180 | |
| 655 | 7 | |a mapy pre verejnosť |2 SNKPH |9 304181 | |
| 655 | 7 | |a Tourist maps |2 SNKPHeng |9 295361 | |
| 655 | 7 | |a Cyclist´s maps |2 SNKPHeng |9 443866 | |
| 700 | 1 | |a Schwarzbacher, Bohuš, |d 1965- |4 pht |9 187068 | |
| 700 | 1 | |a Perfecký, Milan |4 pht |9 372729 | |
| 700 | 1 | |a Dragúň, Peter |4 pht |9 443867 | |
| 700 | 1 | |a Sluk, Miroslav |4 pht |9 360915 | |
| 830 | 0 | |a Edícia turistických máp 1:50 000 |9 315784 | |
| 852 | |a Štátna vedecká knižnica v Banskej Bystrici | ||
| 919 | |a 978-80-8042-695-8 | ||
| 999 | |c 698902 |d 700832 | ||
| 952 | |a SNK |b SNK |y NEVYP |7 1 |p 17A1482565 |o snkSLCm 3580 |i snk2022/6847 |8 0 |0 0 |1 0 |4 0 |d 2022-05-05 |l 0 |r 2026-02-23 20:50:06 |w 2026-02-23 | ||


